header

The Duluth portfolio (Record no. 119035)

MARC details
000 -LEADER
fixed length control field 01129nam a2200301Ia 4500
100 1# - MAIN ENTRY--AUTHOR NAME
Personal name Blacklock, Craig.
245 14 - TITLE STATEMENT
Title The Duluth portfolio
260 ## - PUBLICATION, DISTRIBUTION, ETC. (IMPRINT)
Place of publication Duluth, Minn. :
Name of publisher Pfeifer-Hamilton,
Year of publication c1995.
300 ## - PHYSICAL DESCRIPTION
Number of Pages 107 p. :
Other physical details chiefly col. ill., map.
700 1# - ADDED ENTRY--PERSONAL NAME
Personal name Blacklock, Nadine.
856 40 - ELECTRONIC LOCATION AND ACCESS
Uniform Resource Identifier http://site.ebrary.com/lib/rucke/Doc?id=10202556

No items available.

© 2026 Rongo University
Contact us: librarian | system librarian | Rongo university